000 00543nam a2200193Ia 4500
005 20250923145519.0
008 008 250917s9999 xx 000 0 eng d
037 _aTextual
040 _aDSWL
_beng
_cDSWL
041 _aeng
_2eng
084 _aY48.2, N69
_qDSWL
245 0 _aNature of leadership : A practical approach
_c Ed.by J.W.Airan
260 _aNew Delhi
_bDelhi Lalvani
_c1969
300 _axxii,186p.
365 _aINR
_b20.25
925 _g20.25
942 _cTEXL
_hY48.2, N69
999 _c1452281
_d1452281